सुरभि तरंग / (Record no. 120620)

MARC details
000 -LEADER
fixed length control field 01039nam a22002537a 4500
005 - DATE AND TIME OF LATEST TRANSACTION
control field 20170124103200.0
010 ## - LIBRARY OF CONGRESS CONTROL NUMBER
LC control number A-973291
020 ## - INTERNATIONAL STANDARD BOOK NUMBER
Terms of availability 250.00
035 ## - SYSTEM CONTROL NUMBER
System control number A-973291
037 ## - SOURCE OF ACQUISITION
Source of stock number/acquisition Cen Lib/Ret
040 ## - CATALOGING SOURCE
Original cataloging agency DPL
Language of cataloging HN
082 ## - DEWEY DECIMAL CLASSIFICATION NUMBER
Classification number 181.45
Item number अर्चना
100 ## - MAIN ENTRY--PERSONAL NAME
Personal name अर्चना विद्यालंकार
9 (RLIN) 44174
245 ## - TITLE STATEMENT
Title सुरभि तरंग /
Statement of responsibility, etc अर्चना विद्यालंकार
246 ## - VARYING FORM OF TITLE
Title proper/short title Surbhi tarang /
Remainder of title by Archna Vidyalankar
260 ## - PUBLICATION, DISTRIBUTION, ETC. (IMPRINT)
Place of publication, distribution, etc दिल्ली
Name of publisher, distributor, etc संस्कार प्रकाशन
Date of publication, distribution, etc 1997
270 ## - ADDRESS
City दिल्ली
Address 4408, नयी सडक
Postal code 110006
300 ## - PHYSICAL DESCRIPTION
Extent 277पृ.
Dimensions 21सेमी (सजिल्द)
650 ## - SUBJECT ADDED ENTRY--TOPICAL TERM
Topical term or geographic name as entry element दर्शन शास्त्र -- सुख और धर्म
9 (RLIN) 91605
650 ## - SUBJECT ADDED ENTRY--TOPICAL TERM
Topical term or geographic name as entry element आत्मा की खोज
9 (RLIN) 91606
650 ## - SUBJECT ADDED ENTRY--TOPICAL TERM
Topical term or geographic name as entry element Philosophy -- Happiness and religion
9 (RLIN) 91607
650 ## - SUBJECT ADDED ENTRY--TOPICAL TERM
Topical term or geographic name as entry element Soul searching
9 (RLIN) 91608
942 ## - ADDED ENTRY ELEMENTS (KOHA)
Source of classification or shelving scheme Dewey Decimal Classification
Koha item type Hindi Books
Classification part 181.45
Call number suffix अर्चना
Holdings
Withdrawn status Lost status Damaged status Not for loan Home library Current library Date acquired Source of acquisition Cost, normal purchase price Total Checkouts Full call number Barcode Date last seen Date checked out Copy number Cost, replacement price Price effective from Koha item type
        Central Library Central Library 23/09/2015 Cen Lib/Ret 250.00 1 181.45 अर्चना A-973291 19/09/2018 13/09/2018 1 250.00 23/09/2015 Hindi Books

© Delhi Public Library
Hit Counter
free hit counter